15 Największych miast Skandynawii na mapie - Statystyki

Ogólne statystyki
  • Ten quiz został rozwiązany 66 razy
  • Średni wynik to 9 z 15
Odpowiedzi na mapie
Odpowiedzi zakodowano w zielono-czerwonej skali na mapie do tego quizu, zgodnie z poniższymi procentami.
 
Statystyki odpowiedzi
Państwo Miasto Populacja % Poprawnych
Dania Kopenhaga 1,4 mln
98%
Norwegia Oslo 720k
98%
Szwecja Sztokholm 1 mln
98%
Szwecja Malmo 360k
96%
Szwecja Goteborg 600k
83%
Norwegia Bergen 230k
79%
Norwegia Trondheim 210k
62%
Szwecja Uppsala 250k
60%
Dania Aarhus 300k
53%
Dania Odense 185k
49%
Norwegia Stavanger 150k
36%
Szwecja Helsingborg 150k
30%
Szwecja Linkoping 170k
23%
Szwecja Orebro 160k
21%
Szwecja Vasteras 160k
17%
Nie znaleziono quizów pasujących do podanych kryteriów
Rozkład punktacji
Procent ludzi z każdym wynikiem
Percentyl według liczby udzielonych odpowiedzi
Twoja historia wyników
Nie rozwiązałeś tego quizu